00233nam a2200097Ia 4500082001600000100002300016245004300039260002900082546001200111650001200123 a954bMAD/18 aMadhukar ,Upadhyay a1857 : the great march Meerut to Delhi aNewdelhibGovt. of India aEnglish aHistory